MDQL
is popping MORE tags! Check the
thread
!
Quizzes
Events
Quiz Creation
Community
Videos
Private Events
Remove Ads
Sign In
Join for FREE
Feedback
Dark Mode
Quiz Categories
Sports
Geography
Music
Movies
Television
Just For Fun
Miscellaneous
History
Literature
Language
Science
Gaming
Entertainment
Religion
Holiday
For Kids
Quiz Lab
Recent
Popular Today
Quiz Kudos Today
Editor Picks
Curator Picks
Quizzes by...
Day
Popularity
Type
Ratings
Length
Year
Community
Subscriptions
Recent Discussions
Orange Saloon
Badges
Playlists
Quests
Create
Leaderboards
Showdown
Live 5
Trivia Bingo
Activity
Puzzle Library
Sporcle Events
Private Events
Virtual Trivia
Globe League
Become a Host
Pub Owners
SporcleCon
Opinionation
Our Games
Videos
Blog
Mobile Apps
Partnerships
Remove Ads and Go Orange
Feedback
Science
Computer
Plants
Astronomy
Chemistry
Elements
Math
Animal
Physics
Anatomy
Biology
Geology
General Science
Science
Computer
Plants
Astronomy
Chemistry
Elements
Math
Animal
Physics
Anatomy
Biology
Geology
General Science
Random Quiz
Search Sporcle
×
Quiz Lab
Quiz Lab
Science
Elements
Type in answers that appear in a list
Type in answers that appear in a list
Classic
Best Score? Go Orange.
Periodic Elements 21-40 Stats
Can you name the Periodic Elements 21-40?
By
jonweit
3m
20 Questions
36 Plays
36 Plays
36 Plays
Comments
Comments
Give Quiz Kudos
Give Quiz Kudos
-
- Ratings
hide this ad
No Skip
Answers have to be entered in order without skipping
Answers have to be entered in order without skipping
Replay
Link that replays current quiz
Next Quiz
Link to next quiz in quiz playlist
You Got
0%
They Got
Avg Score
56%
Avg Friend Score
Upgrade to see
Score Distribution
Jump to the score distribution portion of the page
Score
0/20
Timer
03:00
0
Plays Today
Number
Element
% Correct
?
???
100%
?
???
91.7%
?
???
86.1%
?
???
69.4%
?
???
66.7%
?
???
66.7%
?
???
63.9%
?
???
63.9%
?
???
58.3%
?
???
52.8%
Number
Element
% Correct
?
???
52.8%
?
???
50%
?
???
47.2%
?
???
47.2%
?
???
38.9%
?
???
38.9%
?
???
38.9%
?
???
36.1%
?
???
30.6%
?
???
30.6%
Quiz Playlist
Details
Report
Send in Message
Add To Playlist
Classic:
Type in answers that appear in a list
No Skip:
Answers have to be entered in order without skipping
Last Updated: Feb 16, 2017
Quiz Scoreboard
CHALLENGE
Sign Up to Join the Scoreboard
Show All
Scores
Hide
Comments
May contain spoilers
Recently Published
Holiday 10x10 Sorting Gallery
by lukepisani3
Holiday
15m
Two Season TV Shows II
by 123Four
Television
10m
Image Sorting: Flags VI
by Barbecue
Geography
2m
More to Explore
Quiz From the Vault
Featured Blog Post
14 Easter Pick-up Lines to Find Eggs With
hide this ad
You Might Also Like...
Tags
Chemistry Quiz
Elements Quiz
Periodic Elements
Periodic Table
Today's Top Quizzes in Science
Browse Science
hide this ad
Today's Top Quizzes in Elements
Browse Elements
Top Contributed Quizzes in Science
1
Mitosis Sporcle for Escape Room
2
Windmill: Elements
3
200 Vogels in Nederland
4
Glycolysis
5
Elements In Images
6
Periodic Table of Elements by Abbreviations
7
Square Numbers Scrambled (1-50)
8
Quick Pick: 'CI-CJ' Animals
9
4-letter Elementary Words III
10
The First 100 Digits of Pi
Explore More
Trending Topics
Crossword
NBA
Disney
Anime
Kpop
Marvel
Harry Potter
The Office
Pokémon
WWE
Puzzle
Song
NFL
Soccer
Country
hide this ad
More By:
jonweit
Quiz
Plays
Rating
Category
Featured
Created
Periodic Elements 1-20
312
3.50
Science
Nov 9, 2011
Periodic Elements 21-40
36
3.00
Science
Nov 13, 2011
Go to Creator's Profile
Score Distribution
Quiz Creator Spotlight
jonweit
Follow
Send a Message
Quizzes Created
-
Created Quiz Play Count
-
More By This Creator
Popular Quizzes Today
1
Find the US States - No Outlines Minefield
2
Colored Red Africa Blitz
3
Find the 'City' Movie
4
The Countries of the World
5
5x2 Blitz: Bands
6
Find the Countries of Europe - No Outlines Minefield
7
Find the US States
8
US States
More Science Quizzes
Countries with the Most Mammals
Published
Trending Quizzes
Colored Red Europe Blitz I
Colored Red Africa Blitz II
Colored Red Europe Blitz II
Even More Two Season TV Shows
Colored Red Africa Blitz III
Recently Updated
Odd Team Out - Big 4 Players
pecheneg
Quick Pick: 20 Twenties
pecheneg
March Madness Men's Triple Doubles
pecheneg
How Do You Spell That?
pecheneg
Godzilla Movies
pecheneg
Grab Bag: 4-10 Letters
pecheneg
2024 March Madness Bracket
pecheneg
Famous TV Couples
Peacemaker
Champions League XIs: Real Madrid
pecheneg
Largest US Cities 1790-2010
pecheneg
Trending Topics
Disney
Marvel
Crossword
NBA
Kpop
Harry Potter
Anime
NFL
Country
Pokémon
Soccer
The Office
Song
Puzzle
WWE
Your Account Isn't Verified!
In order to create a playlist on Sporcle, you need to verify the email address you used during registration. Go to your
Sporcle Settings
to finish the process.
Report this User
Report this user for behavior that violates our
Community Guidelines
.
Details:
Send Report
Go to the Sporcle.com Mobile Site →
Comments